[Event "PRO League KO Stage 2017"]
[Site "chess.com INT"]
[Date "2017.03.08"]
[Round "2"]
[White "Hess, Robert L"]
[Black "Hansen, Eric"]
[Result "1/2-1/2"]
[WhiteTitle "GM"]
[BlackTitle "GM"]
[WhiteElo "2571"]
[BlackElo "2616"]
[WhiteTeam "Montclair Sopranos"]
[BlackTeam "Montreal ChessBrahs"]
[WhiteFideId "2022036"]
[BlackFideId "2606771"]
[EventDate "2017.03.01"]

1. d4 d5 2. Nf3 Nf6 3. Bf4 g6 4. e3 Bg7 5. c4 O-O 6. Nc3 c5 7. Qb3 cxd4 8. Nxd4
dxc4 9. Bxc4 Nbd7 10. Bg3 Nc5 11. Qc2 Nh5 12. Rd1 Nxg3 13. hxg3 Qa5 14. a3 e5
15. Nb5 Bf5 16. Qe2 Ne4 17. g4 Nxc3 18. Nxc3 Bc8 19. O-O a6 20. Qf3 Qc7 21. Ba2
Qe7 22. Ne4 Qh4 23. Nd6 Bxg4 24. Qe4 Qh5 25. f3 Bf5 26. Nxf5 gxf5 27. g4 Qh3 28.
gxf5 Qg3+ 29. Kh1 Qh3+ 30. Kg1 Qg3+ 31. Kh1 Qh3+ 32. Kg1 Qg3+ 1/2-1/2

[Event "PRO League KO Stage 2017"]
[Site "chess.com INT"]
[Date "2017.03.08"]
[Round "2"]
[White "Movsesian, Sergei"]
[Black "Gozzoli, Yannick"]
[Result "1/2-1/2"]
[WhiteTitle "GM"]
[BlackTitle "GM"]
[WhiteElo "2679"]
[BlackElo "2586"]
[WhiteTeam "London Lions"]
[BlackTeam "Marseille Migraines"]
[WhiteFideId "310204"]
[BlackFideId "616915"]
[EventDate "2017.03.01"]

1. c4 c5 2. Nc3 Nc6 3. Nf3 Nf6 4. e3 e5 5. Qc2 Be7 6. a3 d5 7. cxd5 Nxd5 8. Bb5
Nxc3 9. dxc3 O-O 10. Bxc6 bxc6 11. e4 f6 12. c4 Bg4 13. Be3 Bxf3 14. gxf3 Rb8
15. Rd1 Qb6 16. Bc1 Rfd8 17. O-O Kf7 18. Rxd8 Rxd8 19. Rd1 Rxd1+ 20. Qxd1 Qd8
21. Qa4 Qd7 22. Kg2 g5 23. h3 h5 24. Be3 g4 25. fxg4 hxg4 26. h4 Kg6 27. Kg3 Kh5
28. Qc2 Qe6 29. Qd3 a6 30. b3 Qc8 31. Bd2 Qe6 32. f3 f5 33. exf5 Bxh4+ 34. Kh2
Qg8 35. Qe3 gxf3 36. Qh6+ Kg4 37. f6 f2 38. Kg2 Kf5+ 39. Qg7 Qd8 40. f7 Be7 41.
Be3 Qf8 42. Bh6 Qxg7+ 43. Bxg7 Ke4 44. f8=Q Bxf8 45. Bxf8 Kd3 46. Bxc5 Kc3 47.
b4 Kxc4 48. a4 a5 49. Kxf2 axb4 50. Bd6 b3 51. Ba3 b2 52. Bxb2 Kb4 53. Bxe5 Kxa4 1/2-1/2

[Event "PRO League KO Stage 2017"]
[Site "chess.com INT"]
[Date "2017.03.08"]
[Round "2"]
[White "Vertetics, Attila"]
[Black "Sharafiev, Azat"]
[Result "1/2-1/2"]
[WhiteTitle "IM"]
[BlackTitle "IM"]
[WhiteElo "2421"]
[BlackElo "2433"]
[WhiteTeam "Budapest Gambit"]
[BlackTeam "Gorky Stormbringers"]
[WhiteFideId "723720"]
[BlackFideId "4186214"]
[EventDate "2017.03.01"]

1. d4 Nf6 2. Nf3 d5 3. c4 e6 4. g3 dxc4 5. Qa4+ Nbd7 6. Qxc4 a6 7. Bg5 b5 8. Qc2
Bb7 9. Bg2 Rc8 10. O-O c5 11. Qd1 cxd4 12. Nxd4 Bxg2 13. Kxg2 h6 14. Bxf6 Nxf6
15. Nc3 Bc5 16. Nf3 O-O 17. Qxd8 Rfxd8 18. Rfd1 Bb4 19. Rxd8+ Rxd8 20. Nd1 Kf8
21. a4 bxa4 22. Rxa4 a5 23. Ne3 Nd7 24. Nc4 Nc5 25. Ra1 a4 26. Nfe5 Rc8 27. Nb6
Rc7 28. Nxa4 Ra7 29. b3 Nxb3 30. Rb1 Rxa4 31. Rxb3 Bd6 32. Nd3 g5 33. Rb7 Kg7
34. Rd7 Ra6 35. Nb2 Rc6 36. Nd3 Kg6 37. g4 f5 38. h3 Kf6 39. Rh7 Bf8 40. Rf7+
Kxf7 41. Ne5+ Kf6 42. Nxc6 Bc5 43. Kf3 Bb6 44. Nb4 Kg6 45. Nd3 Bd4 46. e4 h5 47.
exf5+ exf5 48. gxf5+ Kxf5 49. Nb4 Bc5 50. Nd3 Bd4 51. Nb4 Bc3 52. Nd5 Bd2 53.
Nb6 Bf4 54. Nc4 Bc1 55. Nd6+ Ke5 56. Ne4 Kf5 57. Ng3+ Kg6 58. Ne2 Bb2 59. Ng3
Bd4 60. Ne4 Be5 61. Ng3 1/2-1/2

[Event "PRO League KO Stage 2017"]
[Site "chess.com INT"]
[Date "2017.03.08"]
[Round "2"]
[White "Vertetics, Attila"]
[Black "Gorozhanin, Mikhail"]
[Result "1/2-1/2"]
[WhiteTitle "IM"]
[BlackTitle "FM"]
[WhiteElo "2421"]
[BlackElo "2419"]
[WhiteTeam "Budapest Gambit"]
[BlackTeam "Gorky Stormbringers"]
[WhiteFideId "723720"]
[BlackFideId "4178262"]
[EventDate "2017.03.01"]

1. d4 d5 2. c4 e6 3. Nc3 c6 4. cxd5 exd5 5. Bf4 Bf5 6. e3 Qb6 7. Qd2 Nf6 8. f3
Nbd7 9. g4 Bg6 10. h4 h5 11. g5 Ng8 12. Bh3 Ne7 13. Nge2 Bf5 14. Bxf5 Nxf5 15.
e4 dxe4 16. fxe4 Ne7 17. O-O-O Ng6 18. Bg3 Be7 19. Qd3 a5 20. Rhf1 a4 21. Qf3
Rf8 22. Qxh5 Qb4 23. Kc2 Nb6 24. Bf4 Rh8 25. Qf3 Qc4 26. h5 Nxf4 27. Nxf4 Bxg5
28. Nd3 Bf6 29. e5 Be7 30. e6 f6 31. Nf4 O-O-O 32. b3 Qb4 33. d5 axb3+ 34. axb3
Kb8 35. dxc6 Rc8 36. Nfd5 Nxd5 37. Nxd5 Rxc6+ 38. Kb1 Qd6 39. Qf4 Qxf4 40. Nxf4
Re8 41. Rd7 Bd6 42. Rxg7 Bxf4 43. Rxf4 Rexe6 44. h6 Re1+ 45. Kb2 Rh1 46. h7 Ka7
47. Ra4+ Ra6 48. Rc4 Rb6 49. Rc8 Rh2+ 50. Kc1 Re6 51. Kb1 Re1+ 52. Rc1 Re3 53.
Rc8 Rxb3+ 54. Kc1 Rbh3 55. Rcc7 Rh1+ 56. Kd2 R1h2+ 57. Ke1 Rh1+ 58. Kf2 R1h2+
59. Kg1 Rh1+ 60. Kg2 R1h2+ 61. Kf1 Rh1+ 62. Kg2 R1h2+ 63. Kg1 Rh1+ 64. Kg2 R1h2+
65. Kg1 Rh1+ 66. Kg2 R1h2+ 67. Kg1 Rh1+ 68. Kg2 1/2-1/2

[Event "PRO League KO Stage 2017"]
[Site "chess.com INT"]
[Date "2017.03.15"]
[Round "3"]
[White "Andreikin, Dmitry"]
[Black "Lie, Kjetil A."]
[Result "1/2-1/2"]
[WhiteTitle "GM"]
[BlackTitle "GM"]
[WhiteElo "2734"]
[BlackElo "2537"]
[WhiteTeam "Gorky Stormbringers"]
[BlackTeam "Norway Gnomes"]
[WhiteFideId "4158814"]
[BlackFideId "1501984"]
[EventDate "2017.03.01"]

1. d4 Nf6 2. c4 e6 3. Nf3 Bb4+ 4. Bd2 Qe7 5. g3 Nc6 6. Bg2 Bxd2+ 7. Nbxd2 O-O 8.
O-O d6 9. e4 e5 10. d5 Nb8 11. Ne1 a5 12. f4 Na6 13. f5 c6 14. g4 cxd5 15. cxd5
h6 16. h4 Nh7 17. Nef3 Bd7 18. Qe2 Rfc8 19. Rfc1 Qd8 20. Bf1 Rxc1 21. Rxc1 Rc8
22. Rxc8 Qxc8 23. Qe3 Qc7 24. g5 hxg5 25. hxg5 Nc5 26. b3 b5 27. Kg2 Qd8 28. Kg3
Qb6 29. Kh4 Na4 30. Qxb6 Nxb6 31. Ne1 Kf8 32. Nc2 f6 33. g6 Ng5 34. Kg3 Ke7 35.
Kf2 Nxe4+ 36. Nxe4 Bxf5 37. Bg2 Nxd5 38. Na3 Nc7 39. Ng3 Bxg6 40. Bf1 d5 41.
Nxb5 Nxb5 42. Bxb5 f5 43. a3 f4 44. Ne2 Kd6 45. b4 axb4 46. axb4 Bh5 47. Nc3 g5
48. Be2 Bxe2 49. Kxe2 g4 50. b5 Kc5 51. b6 Kxb6 52. Nxd5+ Kc5 53. Nc3 Kd4 54.
Nb5+ Ke4 55. Nd6+ Kd5 56. Ne8 Ke6 57. Ng7+ Kf7 58. Nf5 Kg6 59. Nd6 Kg5 60. Kf2
Kh4 61. Kg2 f3+ 62. Kf2 Kh3 63. Ne4 Kh4 64. Ng3 Kg5 65. Ke3 Kf6 66. Ke4 Ke6 67.
Nf5 Kf6 68. Ng3 Kg5 69. Kxe5 Kh4 70. Kf4 Kh3 71. Ne4 Kg2 72. Kxg4 f2 73. Nxf2 1/2-1/2

[Event "PRO League KO Stage 2017"]
[Site "chess.com INT"]
[Date "2017.03.15"]
[Round "3"]
[White "Cervantes Landeiro, Thalia"]
[Black "So, Wesley"]
[Result "0-1"]
[WhiteTitle "WCM"]
[BlackTitle "GM"]
[WhiteElo "1984"]
[BlackElo "2822"]
[WhiteTeam "Webster Windmills"]
[BlackTeam "St Louis Arch Bishops"]
[WhiteFideId "3520498"]
[BlackFideId "5202213"]
[EventDate "2017.03.01"]

1. d4 Nf6 2. Nf3 d5 3. Bf4 c5 4. e3 Nc6 5. Nbd2 Bg4 6. c3 e6 7. Bd3 Bd6 8. Bg3
O-O 9. O-O Rc8 10. Qe2 Bxg3 11. hxg3 e5 12. dxe5 Nxe5 13. Bc2 Qb6 14. Rab1 Rfe8
15. Ba4 Re7 16. Qb5 Qc7 17. Nxe5 Rxe5 18. Bd1 a6 19. Qb3 Bf5 20. Rc1 Bd3 21. Re1
Ne4 22. Nxe4 dxe4 23. c4 Rd8 24. Be2 Re6 25. Rcd1 Red6 26. Bxd3 Rxd3 27. Rxd3
Rxd3 28. Qa4 Kf8 29. b4 g6 30. bxc5 Qxc5 31. Rb1 Rc3 32. Qb4 Qxb4 33. Rxb4 Rc1+
34. Kh2 Rc2 35. Rxb7 Rxf2 36. a4 Ra2 37. c5 Rxa4 38. c6 Rc4 39. c7 Kg7 40. Ra7
h5 41. Rxa6 Rxc7 42. Ra4 f5 43. Kg1 Rc6 44. Kf2 Kf6 45. Ra8 Kg5 46. Ra2 Kg4 47.
Rb2 Rc1 48. Rd2 g5 49. Re2 h4 50. gxh4 Kxh4 51. Ra2 Kg4 52. Rb2 f4 53. Rb4 Rc2+
54. Kf1 Rc1+ 55. Kf2 Rc2+ 56. Kf1 Kg3 57. Rxe4 f3 0-1

[Event "PRO League KO Stage 2017"]
[Site "chess.com INT"]
[Date "2017.03.15"]
[Round "3"]
[White "Perez Ponsa, Federico"]
[Black "Li, Chao b"]
[Result "1/2-1/2"]
[WhiteTitle "GM"]
[BlackTitle "GM"]
[WhiteElo "2577"]
[BlackElo "2720"]
[WhiteTeam "Buenos Aires Krakens"]
[BlackTeam "Montreal ChessBrahs"]
[WhiteFideId "117927"]
[BlackFideId "8604436"]
[EventDate "2017.03.01"]

1. e4 e5 2. Nf3 Nf6 3. Nxe5 d6 4. Nf3 Nxe4 5. d4 d5 6. Bd3 Be7 7. O-O Nc6 8.
Nbd2 Nd6 9. Re1 Nb4 10. Nf1 Nxd3 11. cxd3 O-O 12. Bf4 Be6 13. Ng3 c6 14. Qd2 Re8
15. Ng5 Bxg5 16. Bxg5 Qd7 17. Nh5 f6 18. Bxf6 Qf7 19. Qg5 Nf5 20. Be5 Qg6 21.
Qxg6 hxg6 22. Nf4 g5 23. Nh3 g4 24. Ng5 Bd7 25. h3 gxh3 26. Nxh3 Re7 27. f3 Rae8
28. Rec1 Nh4 29. Ng5 Rxe5 30. dxe5 Rxe5 31. f4 Re2 32. Re1 Rxg2+ 33. Kh1 Kf8 34.
Nf3 Rg3 35. Nxh4 Rh3+ 36. Kg2 Rxh4 37. Rh1 Rxf4 38. Raf1 Rxf1 39. Rxf1+ Ke7 40.
Kf2 d4 41. b4 b6 42. Kf3 Bf5 43. Kf4 Bxd3 44. Rg1 Kf6 45. Rd1 g5+ 46. Kg3 Bf5
47. Rxd4 Ke5 48. Rd8 c5 49. bxc5 bxc5 50. Ra8 c4 51. Rxa7 c3 52. Rc7 Kd4 53. a4
Bd3 54. Rxc3 Kxc3 55. Kg4 Kb4 56. a5 Kxa5 57. Kxg5 1/2-1/2

[Event "PRO League KO Stage 2017"]
[Site "chess.com INT"]
[Date "2017.03.15"]
[Round "3"]
[White "Jobava, Baadur"]
[Black "Gozzoli, Yannick"]
[Result "1/2-1/2"]
[WhiteTitle "GM"]
[BlackTitle "GM"]
[WhiteElo "2701"]
[BlackElo "2586"]
[WhiteTeam "Miami Champions"]
[BlackTeam "Marseille Migraines"]
[WhiteFideId "13601520"]
[BlackFideId "616915"]
[EventDate "2017.03.01"]

1. e4 e5 2. Nf3 Nc6 3. c3 d5 4. d3 Nf6 5. Nbd2 a5 6. a4 g6 7. Be2 Bg7 8. O-O O-O
9. Re1 Re8 10. Qc2 h6 11. Nf1 Be6 12. Ng3 d4 13. h3 Nd7 14. Nh2 Nc5 15. Ra3 b6
16. Rd1 Qh4 17. Bg4 Bxg4 18. Nxg4 Rad8 19. Qb1 dxc3 20. bxc3 Rd6 21. Ne3 Qd8 22.
Nd5 Ne7 23. c4 Nc6 24. Be3 Nd4 25. Bxd4 exd4 26. f4 Rd7 27. Qb5 Re6 28. Qb2 Re8
29. Qb5 Re6 30. Qb2 Re8 31. Qb5 1/2-1/2

[Event "PRO League KO Stage 2017"]
[Site "chess.com INT"]
[Date "2017.03.15"]
[Round "3"]
[White "Gozzoli, Yannick"]
[Black "Meier, Georg"]
[Result "1/2-1/2"]
[WhiteTitle "GM"]
[BlackTitle "GM"]
[WhiteElo "2586"]
[BlackElo "2630"]
[WhiteTeam "Marseille Migraines"]
[BlackTeam "Stockholm Snowballs"]
[WhiteFideId "616915"]
[BlackFideId "4675789"]
[EventDate "2017.03.01"]

1. d4 Nf6 2. c4 e6 3. Nf3 d5 4. Nc3 Be7 5. g3 c6 6. Bg2 O-O 7. O-O b6 8. Nd2 Ba6
9. b3 b5 10. Bb2 bxc4 11. bxc4 Nbd7 12. Qa4 Qc8 13. cxd5 cxd5 14. Rfc1 Nb6 15.
Qa5 Nc4 16. Nxc4 Bxc4 17. Ba3 Bxa3 18. Qxa3 Qa6 19. Qxa6 Bxa6 20. e3 Rfc8 21.
Na4 Nd7 22. Rab1 Kf8 23. Bf1 Bxf1 24. Kxf1 Ke8 25. Ke2 Kd8 26. Kd3 Rxc1 27. Rxc1
Rb8 28. Nc5 Rb2 29. Nxd7 Kxd7 30. Rc2 Rb6 31. Rc3 Ra6 32. a3 h5 33. Rb3 Kc6 34.
f3 g5 35. h4 gxh4 36. gxh4 f6 37. f4 Kd6 38. Kc3 e5 39. f5 Ra4 40. Kd3 Ra5 41.
Kc3 Ra4 42. Kd3 Ra6 43. Rc3 Rb6 44. Kc2 Rb8 45. Rc5 Rb6 46. Rc8 exd4 47. exd4
Rc6+ 48. Rxc6+ Kxc6 49. Kb3 Kb5 50. a4+ Kb6 51. Kb4 a5+ 52. Kc3 Kc6 1/2-1/2

[Event "PRO League KO Stage 2017"]
[Site "chess.com INT"]
[Date "2017.03.15"]
[Round "3"]
[White "Nyzhnyk, Illya"]
[Black "Zherebukh, Yaroslav"]
[Result "1/2-1/2"]
[WhiteTitle "GM"]
[BlackTitle "GM"]
[WhiteElo "2613"]
[BlackElo "2605"]
[WhiteTeam "Webster Windmills"]
[BlackTeam "St Louis Arch Bishops"]
[WhiteFideId "14118084"]
[BlackFideId "14116804"]
[EventDate "2017.03.01"]

1. d4 Nf6 2. Nf3 c5 3. d5 e6 4. Nc3 exd5 5. Nxd5 Nxd5 6. Qxd5 d6 7. e4 Be7 8.
Bb5+ Nd7 9. O-O O-O 10. Qd3 Nb6 11. a4 a6 12. Bc4 Nxc4 13. Qxc4 b5 14. Qd3 Be6
15. Rd1 Qb6 16. Bg5 f6 17. Bf4 Rad8 18. axb5 axb5 19. Qe3 Rfe8 20. h3 Bf8 21.
Re1 Bf7 22. Qa3 d5 23. e5 c4 24. Qa6 Qxa6 25. Rxa6 fxe5 26. Rxe5 d4 27. Rxe8
Bxe8 28. Bc7 Rc8 29. Bd6 c3 30. bxc3 dxc3 31. Bxf8 Kxf8 32. Nd4 b4 33. Ra7 Bg6
34. Ne6+ Kg8 35. Rxg7+ Kh8 36. Rb7 b3 37. Rxb3 Bxc2 38. Rb4 Bf5 39. Nd4 c2 40.
Nxc2 Rxc2 41. Rb5 Bg6 42. Rb3 Kg7 43. Rf3 Kh6 44. Kh2 Kg5 45. Kg3 Rc4 46. Re3 h5
47. h4+ Kf6 48. f3 Rc2 49. Ra3 Bf7 50. Ra5 Kg6 51. Rg5+ Kf6 52. Ra5 Bg6 53. Rd5
Bf5 54. Rd6+ Kg7 55. Rd5 Bg6 56. Rg5 Kf6 57. Rd5 Bf7 58. Ra5 Bc4 59. Rc5 Bd3 60.
Rxc2 Bxc2 61. Kf4 Bf5 62. g4 hxg4 63. fxg4 Bxg4 64. Kxg4 Kg6 65. h5+ Kh6 66. Kg3
Kxh5 1/2-1/2

[Event "PRO League KO Stage 2017"]
[Site "chess.com INT"]
[Date "2017.03.15"]
[Round "3"]
[White "Robson, Ray"]
[Black "Swiercz, Dariusz"]
[Result "1/2-1/2"]
[WhiteTitle "GM"]
[BlackTitle "GM"]
[WhiteElo "2668"]
[BlackElo "2645"]
[WhiteTeam "Webster Windmills"]
[BlackTeam "St Louis Arch Bishops"]
[WhiteFideId "2023970"]
[BlackFideId "1126881"]
[EventDate "2017.03.01"]

1. e4 e5 2. Nf3 Nc6 3. Bb5 Nf6 4. d3 d6 5. O-O Be7 6. Re1 O-O 7. Bxc6 bxc6 8. d4
Nd7 9. b3 Bf6 10. Bb2 exd4 11. Bxd4 c5 12. Bxf6 Qxf6 13. Nbd2 Ba6 14. c4 Rae8
15. Nf1 Bb7 16. Ng3 Qg6 17. Qd3 Nf6 18. Nd2 Nh5 19. Nxh5 Qxh5 20. Re3 f5 21.
exf5 Rxe3 22. Qxe3 Qxf5 23. Re1 Bc6 24. Qe6+ Qxe6 25. Rxe6 Kf7 26. Re3 a5 27. a4
g5 28. f3 Re8 29. Kf2 h6 30. Ke2 Kf6 31. Nf1 Re6 32. Rxe6+ Kxe6 33. Ne3 h5 34.
Kd3 Ke5 35. Kd2 Bd7 36. Nd5 c6 37. Nc3 Bf5 38. Ne2 d5 39. Kc3 Bg6 40. Kd2 Bf5
41. Kc3 Bg6 42. Kd2 Bf5 1/2-1/2

[Event "PRO League KO Stage 2017"]
[Site "chess.com INT"]
[Date "2017.03.15"]
[Round "3"]
[White "Hammer, Jon Ludvig"]
[Black "Andreikin, Dmitry"]
[Result "1/2-1/2"]
[WhiteTitle "GM"]
[BlackTitle "GM"]
[WhiteElo "2630"]
[BlackElo "2734"]
[WhiteTeam "Norway Gnomes"]
[BlackTeam "Gorky Stormbringers"]
[WhiteFideId "1503707"]
[BlackFideId "4158814"]
[EventDate "2017.03.01"]

1. d4 d5 2. c4 e6 3. Nf3 a6 4. cxd5 exd5 5. Nc3 c6 6. e4 dxe4 7. Ng5 Nh6 8. Bc4
Be7 9. Ncxe4 Bf5 10. d5 O-O 11. O-O cxd5 12. Bxd5 Nc6 13. h3 Nb4 14. Bb3 Qd3 1/2-1/2

[Event "PRO League KO Stage 2017"]
[Site "chess.com INT"]
[Date "2017.03.15"]
[Round "3"]
[White "Sharafiev, Azat"]
[Black "Hammer, Jon Ludvig"]
[Result "1/2-1/2"]
[WhiteTitle "IM"]
[BlackTitle "GM"]
[WhiteElo "2433"]
[BlackElo "2630"]
[WhiteTeam "Gorky Stormbringers"]
[BlackTeam "Norway Gnomes"]
[WhiteFideId "4186214"]
[BlackFideId "1503707"]
[EventDate "2017.03.01"]

1. Nf3 d5 2. g3 g6 3. Bg2 Bg7 4. d4 Nf6 5. O-O O-O 6. Bf4 Nh5 7. Be3 c5 8. c3
cxd4 9. Bxd4 Nf6 10. Ne5 Nc6 11. Nxc6 bxc6 12. c4 Re8 13. Be5 Ba6 14. cxd5 cxd5
15. Nc3 e6 16. Qd4 Nh5 17. Bxg7 Nxg7 18. Rfd1 Nf5 19. Qa4 Qb6 20. e4 dxe4 21.
Nxe4 Kg7 22. g4 Nh4 23. Nd6 Red8 24. Qf4 Nxg2 25. Qxf7+ Kh6 26. g5+ Kxg5 27.
Qe7+ Kh5 28. Qxh7+ Kg5 29. Qe7+ Kh5 30. Ne4 Kh6 31. Qg5+ Kg7 32. Qf6+ Kh6 33.
Kxg2 Bb7 34. Qg5+ Kg7 35. Qe7+ Kh6 36. Qg5+ Kg7 37. Qe7+ Kh6 38. Qh4+ Kg7 39.
Qf6+ Kh6 40. Qg5+ 1/2-1/2

[Event "PRO League KO Stage 2017"]
[Site "chess.com INT"]
[Date "2017.03.15"]
[Round "3"]
[White "Agrest, Evgenij"]
[Black "Bacrot, Etienne"]
[Result "1/2-1/2"]
[WhiteTitle "GM"]
[BlackTitle "GM"]
[WhiteElo "2593"]
[BlackElo "2695"]
[WhiteTeam "Stockholm Snowballs"]
[BlackTeam "Marseille Migraines"]
[WhiteFideId "1705024"]
[BlackFideId "605506"]
[EventDate "2017.03.01"]

1. d4 Nf6 2. Bf4 d6 3. e3 g6 4. h3 Bg7 5. Nf3 O-O 6. Be2 b6 7. O-O Bb7 8. a4
Nbd7 9. a5 bxa5 10. Rxa5 c5 11. Ra2 a5 12. Bh2 Ne4 13. c3 Qb6 14. Na3 d5 15. Qa4
Rfd8 16. Qb5 cxd4 17. exd4 Nd6 18. Qxb6 Nxb6 19. Re1 Bc6 20. Bd3 e6 21. Rea1 a4
22. Nc2 Ndc4 23. Nb4 Be8 24. Bf1 Rdc8 25. Nd3 Bf8 26. Nde5 f6 27. Nxc4 Nxc4 28.
Be2 a3 29. b4 Nb6 30. Rxa3 Rxa3 31. Rxa3 Na4 32. Rb3 Rxc3 33. Rb1 Rc2 34. Bd3
Rb2 35. Rxb2 Nxb2 36. Bc2 Bxb4 37. Bf4 Kf7 38. g4 g5 39. Bc1 Bc3 40. Bxh7 Bb5
41. Bc2 Be2 42. Kg2 Bxf3+ 43. Kxf3 Bxd4 44. Bxb2 Bxb2 45. Ke2 Ke7 46. f3 Kd6 47.
Bg6 Ke5 48. Bf7 Ba3 49. Bg8 Bc5 50. Bf7 Bb6 51. Bg8 f5 52. gxf5 exf5 53. Bh7 Kf4
54. Bg6 Ke5 55. Bh7 Bg1 56. Bg6 d4 57. Bh7 Kf6 58. Kd3 Be3 59. Ke2 Ke5 60. Bg6
Kf4 61. Bh7 Ke5 1/2-1/2

[Event "PRO League KO Stage 2017"]
[Site "chess.com INT"]
[Date "2017.03.25"]
[Round "4.1"]
[White "Rosenthal, Nicholas"]
[Black "Caruana, Fabiano"]
[Result "0-1"]
[BlackTitle "GM"]
[WhiteElo "2169"]
[BlackElo "2817"]
[WhiteTeam "St Louis Arch Bishops"]
[BlackTeam "Montreal ChessBrahs"]
[WhiteFideId "2045150"]
[BlackFideId "2020009"]
[EventDate "2017.03.01"]

1. e4 c5 2. Nf3 e6 3. d3 Nc6 4. Nbd2 g6 5. g3 Bg7 6. Bg2 Nge7 7. O-O O-O 8. Re1
d6 9. Nf1 b6 10. c3 Ba6 11. h4 Ne5 12. Nxe5 dxe5 13. c4 Nc6 14. Ne3 Nb4 15. Bf1
f5 16. Nc2 Nxc2 17. Qxc2 f4 18. Bh3 Qd6 19. Bd2 Rad8 20. Bf1 Qe7 21. Bh3 Bc8 22.
b4 Bh6 23. bxc5 fxg3 24. Bxh6 gxf2+ 25. Kg2 fxe1=Q 26. Rxe1 Qxh4 27. Rh1 Qf6 28.
Bxf8 Rxf8 29. Qe2 bxc5 30. Qe3 Qf4 31. Re1 Qxe3 32. Rxe3 Bd7 33. Re2 Rb8 34. Kf2
Kf7 35. Ke3 Rb1 36. Rf2+ Ke7 37. Bg4 h5 38. Be2 Rb2 39. Rg2 Be8 40. Rg1 a5 41.
Ra1 g5 42. Rg1 g4 43. Rh1 a4 44. Rg1 a3 45. Ra1 g3 46. Kf3 h4 0-1

[Event "PRO League KO Stage 2017"]
[Site "chess.com INT"]
[Date "2017.03.25"]
[Round "4.1"]
[White "Oussedik, Elias"]
[Black "So, Wesley"]
[Result "0-1"]
[BlackTitle "GM"]
[WhiteElo "2155"]
[BlackElo "2822"]
[WhiteTeam "Montreal ChessBrahs"]
[BlackTeam "St Louis Arch Bishops"]
[WhiteFideId "2605341"]
[BlackFideId "5202213"]
[EventDate "2017.03.01"]

1. d4 Nf6 2. c4 e6 3. Nf3 d5 4. e3 b6 5. Nc3 a6 6. Qc2 Bb7 7. b3 Bd6 8. Bb2 O-O
9. Bd3 c5 10. cxd5 exd5 11. O-O Nc6 12. Bf5 g6 13. Bh3 cxd4 14. Nxd4 Nxd4 15.
exd4 b5 16. g3 Re8 17. Rfe1 Qc7 18. Qd3 Ne4 19. Bg2 Bb4 20. Rec1 Qd6 21. a4 bxa4
22. Nxa4 Bc6 23. Nc3 Bb7 24. Na4 Qf6 25. Rc2 Bc6 26. Nc3 Nxc3 27. Bxc3 Bb5 28.
Qf3 Qxf3 29. Bxf3 Rac8 30. Rac1 Rxc3 31. Rxc3 Bxc3 32. Rxc3 Re1+ 33. Kg2 Bf1+
34. Kg1 Bh3# 0-1

[Event "PRO League KO Stage 2017"]
[Site "chess.com INT"]
[Date "2017.03.25"]
[Round "4.2"]
[White "Caruana, Fabiano"]
[Black "Finegold, Benjamin"]
[Result "1-0"]
[WhiteTitle "GM"]
[BlackTitle "GM"]
[WhiteElo "2817"]
[BlackElo "2481"]
[WhiteTeam "Montreal ChessBrahs"]
[BlackTeam "St Louis Arch Bishops"]
[WhiteFideId "2020009"]
[BlackFideId "2000261"]
[EventDate "2017.03.01"]

1. e4 e5 2. Nf3 Nc6 3. Bb5 Nf6 4. d3 d6 5. O-O Bd7 6. Re1 g6 7. d4 Bg7 8. d5 Ne7
9. Bxd7+ Nxd7 10. Be3 O-O 11. c4 h6 12. Nfd2 f5 13. f3 g5 14. Nc3 fxe4 15. fxe4
Ng6 16. g3 Nf6 17. Rf1 Qd7 18. Kg2 Ng4 19. Bg1 h5 20. Nf3 h4 21. Nxg5 Bh6 22.
Ne6 Rxf1 23. Qxf1 Qh7 24. Qf3 Nxh2 25. Bxh2 hxg3 26. Bxg3 1-0

[Event "PRO League KO Stage 2017"]
[Site "chess.com INT"]
[Date "2017.03.25"]
[Round "4.2"]
[White "Akobian, Varuzhan"]
[Black "Oussedik, Elias"]
[Result "1-0"]
[WhiteTitle "GM"]
[WhiteElo "2645"]
[BlackElo "2155"]
[WhiteTeam "St Louis Arch Bishops"]
[BlackTeam "Montreal ChessBrahs"]
[WhiteFideId "13300580"]
[BlackFideId "2605341"]
[EventDate "2017.03.01"]

1. d4 e6 2. c4 Nf6 3. Nf3 c5 4. d5 exd5 5. cxd5 d6 6. Nc3 g6 7. Bf4 a6 8. a4 Bg7
9. e3 O-O 10. h3 Re8 11. Bd3 Nbd7 12. O-O Qe7 13. e4 Nh5 14. Bg5 Bf6 15. Be3 Bg7
16. Qd2 Ne5 17. Nxe5 Bxe5 18. f4 Bg7 19. Rae1 Qc7 20. Qf2 Bd7 21. e5 dxe5 22.
fxe5 Bxe5 23. Qxf7+ Kh8 24. Ne4 Bh2+ 25. Kh1 Bf5 26. Rxf5 gxf5 27. Qxf5 Rxe4 28.
Qxh5 Re7 29. Bd2 Rxe1+ 30. Bxe1 Be5 31. Bc3 Bxc3 32. bxc3 Rf8 33. d6 Qg7 34.
Qxc5 Qf7 35. d7 Qxd7 36. Qxf8# 1-0

[Event "PRO League KO Stage 2017"]
[Site "chess.com INT"]
[Date "2017.03.25"]
[Round "4.3"]
[White "Caruana, Fabiano"]
[Black "Akobian, Varuzhan"]
[Result "1-0"]
[WhiteTitle "GM"]
[BlackTitle "GM"]
[WhiteElo "2817"]
[BlackElo "2645"]
[WhiteTeam "Montreal ChessBrahs"]
[BlackTeam "St Louis Arch Bishops"]
[WhiteFideId "2020009"]
[BlackFideId "13300580"]
[EventDate "2017.03.01"]

1. e4 e5 2. Bc4 Nf6 3. d3 c6 4. Nf3 d5 5. Bb3 Bb4+ 6. Bd2 Bd6 7. Nc3 dxe4 8. Ng5
O-O 9. Ncxe4 Be7 10. h4 Nbd7 11. Qf3 Qe8 12. O-O-O a5 13. a3 Nd5 14. Rde1 h6 15.
Ng3 Ra6 16. Nf5 f6 17. Ne6 Nc5 18. Nexg7 Nxb3+ 19. cxb3 Qg6 20. Rh3 Bxf5 21.
Nxf5 Kh7 22. Rg3 Qf7 23. Nxh6 1-0

[Event "PRO League KO Stage 2017"]
[Site "chess.com INT"]
[Date "2017.03.25"]
[Round "4.3"]
[White "Finegold, Benjamin"]
[Black "Oussedik, Elias"]
[Result "0-1"]
[WhiteTitle "GM"]
[WhiteElo "2481"]
[BlackElo "2155"]
[WhiteTeam "St Louis Arch Bishops"]
[BlackTeam "Montreal ChessBrahs"]
[WhiteFideId "2000261"]
[BlackFideId "2605341"]
[EventDate "2017.03.01"]

1. d4 e6 2. e4 d5 3. exd5 exd5 4. Nf3 Bd6 5. c4 c6 6. Nc3 Ne7 7. cxd5 Nxd5 8.
Nxd5 cxd5 9. Bb5+ Bd7 10. Qe2+ Qe7 11. Ne5 Bxe5 12. dxe5 Qb4+ 13. Bd2 Qxb5 14.
Qh5 Qxb2 15. Rc1 Nc6 16. f4 O-O 17. Qd1 Bf5 18. O-O Be4 19. Rf2 Qb6 20. Qe1 Rac8
21. Be3 d4 22. Bd2 Bd5 23. f5 f6 24. e6 Ne5 25. Rb1 Qc6 26. Qf1 Rfe8 27. Rf4 Qc2
28. Rxd4 Bc6 29. Rc1 Qxa2 30. Bf4 Rcd8 31. Bxe5 fxe5 32. Rg4 Kh8 33. Rxg7 Kxg7
34. f6+ Kh8 35. f7 Qxe6 36. fxe8=Q+ Rxe8 37. Re1 Rg8 38. Re2 a5 39. Qa1 Qd5 40.
Qxe5+ Qxe5 41. Rxe5 Rxg2+ 42. Kf1 a4 43. Ra5 Rxh2 44. Kg1 Rb2 45. Kf1 Ra2 46.
Ke1 a3 47. Kd1 Kg7 48. Kc1 Kf6 49. Kb1 Rb2+ 50. Ka1 Rb3 51. Rh5 Be4 52. Ka2 Re3
53. Rb5 Kg6 54. Ka1 h5 55. Rb6+ Kg5 56. Rb5+ Kg4 57. Rc5 h4 58. Rc8 Bd5 59. Rc1
h3 60. Rg1+ Rg3 61. Rd1 h2 62. Rd4+ Kh3 63. Kb1 h1=Q+ 64. Kc2 Qh2+ 65. Rd2 Qxd2+
66. Kxd2 a2 67. Ke2 a1=Q 68. Kd2 Qa2+ 69. Ke1 Rg1# 0-1